Nákup na splátky bakalárska práca

Salvato in:
Dettagli Bibliografici
Autore principale: Jankovichová, Renáta
Ente Autore: Fakulta hospodárskej informatiky EU. Katedra matematiky
Altri autori: Mucha, Vladimír, 1976-
Natura: Libro
Lingua:slovacco
Pubblicazione: Bratislava 2010
Tags: Aggiungi Tag
Nessun Tag, puoi essere il primo ad aggiungerne!!

MARC

LEADER 00000nam$a2200000$$$4500
001 0129322
005 20240320073651.5
041 0 |a slo 
044 |a SK 
245 1 0 |a Nákup na splátky  |b bakalárska práca  |c Renáta Jankovichová ; školiteľ: Vladimír Mucha 
264 1 |a Bratislava  |c 2010 
300 |a 47 s. 
100 1 |a Jankovichová, Renáta 
700 1 |a Mucha, Vladimír, 1976- 
710 2 |a Fakulta hospodárskej informatiky EU. Katedra matematiky